000 00901nam a2200277Ia 4500
001 Para_732
003 CHAP
008 220125s1999 xx 000 0 und d
010 _a204490
040 _cCHAP
090 _aPA FOLLETO 3449
110 _aUniversidad Autónoma Chapingo. Coordinación General de Estudios de Posgrado
_9170443
245 _aReglamento general de estudios de posgrado /
_c por Universidad Autónoma Capingo. Coordinación General de Estudios de Posgrado
260 _aChapingo, Méx. :
_b UACh
300 _a25 p.
650 0 _aUACh
_xPosgrado
_9170444
650 _aUniversidades
_x leyes
_9116653
710 _aCoordinación General de Estudios de Posgrado
_9170445
901 _aPA FOLLETO 3449
902 _aA
905 _a0000001999 0000000000 00
910 _a1999
942 _cPARA
942 _cPARA
_d1
999 _c204490
_d204490